Visual studio extensibility development : (Record no. 233977)
[ view plain ]
| 000 -LEADER | |
|---|---|
| fixed length control field | 00720nam a22001937a 4500 |
| 005 - DATE AND TIME OF LATEST TRANSACTION | |
| control field | 20250324090526.0 |
| 008 - FIXED-LENGTH DATA ELEMENTS--GENERAL INFORMATION | |
| fixed length control field | 250324b |||||||| |||| 00| 0 eng d |
| 020 ## - INTERNATIONAL STANDARD BOOK NUMBER | |
| International Standard Book Number | 9788868811180 |
| 040 ## - CATALOGING SOURCE | |
| Transcribing agency | AIMIT LIBRARY |
| 082 ## - DEWEY DECIMAL CLASSIFICATION NUMBER | |
| Edition number | 2 |
| Classification number | 006.37 |
| Item number | VERR |
| 100 ## - MAIN ENTRY--PERSONAL NAME | |
| Personal name | Verma, Rishabh. |
| 9 (RLIN) | 206721 |
| 245 ## - TITLE STATEMENT | |
| Title | Visual studio extensibility development : |
| Remainder of title | extending visual studio ide for productivity quality tooling analysis and artificial intelligence / |
| Statement of responsibility, etc. | By Rishabh Verma. |
| 250 ## - EDITION STATEMENT | |
| Edition statement | 2nd ed. |
| 260 ## - PUBLICATION, DISTRIBUTION, ETC. | |
| Place of publication, distribution, etc. | New York : |
| Name of publisher, distributor, etc. | Apress ; |
| Date of publication, distribution, etc. | 2025. |
| 300 ## - PHYSICAL DESCRIPTION | |
| Extent | xix,446p. ; |
| Other physical details | PB |
| Dimensions | 25 cm. |
| 650 ## - SUBJECT ADDED ENTRY--TOPICAL TERM | |
| Topical term or geographic name entry element | Developing your first extensions |
| 9 (RLIN) | 206722 |
| 650 ## - SUBJECT ADDED ENTRY--TOPICAL TERM | |
| Topical term or geographic name entry element | Continuous integration and hosting |
| 9 (RLIN) | 206723 |
| 942 ## - ADDED ENTRY ELEMENTS (KOHA) | |
| Source of classification or shelving scheme | Dewey Decimal Classification |
| Koha item type | Book |
| Edition | 2nd ed. |
| Call number prefix | 006.37 VERR |
| Withdrawn status | Lost status | Source of classification or shelving scheme | Damaged status | Not for loan | Collection code | Home library | Current library | Date acquired | Source of acquisition | Cost, normal purchase price | Inventory number | Total Checkouts | Full call number | Barcode | Date last seen | Cost, replacement price | Price effective from | Koha item type |
|---|---|---|---|---|---|---|---|---|---|---|---|---|---|---|---|---|---|---|
| Dewey Decimal Classification | MCA | St Aloysius Institute of Management & Information Technology | St Aloysius Institute of Management & Information Technology | 03/11/2025 | Biblios Book Point | 1699.00 | Bill no: 7043; Bill dt:2025-2-27 | 006.37 VERR | MCA17331 | 05/23/2026 | 1325.22 | 03/24/2025 | Book |